Normal view
MARC view
- البحث الميداني - اساليب البحث
Entry Topical Term
001 - CONTROL NUMBER
- control field: 27930
003 - CONTROL NUMBER IDENTIFIER
- control field: JO-AjAnu
005 - DATE AND TIME OF LATEST TRANSACTION
- control field: 20230606074734.0
008 - FIXED-LENGTH DATA ELEMENTS
- fixed length control field: 230606|| aca||aabn | a|a d
040 ## - CATALOGING SOURCE
- Original cataloging agency: JO-AjAnu
- Transcribing agency: JO-AjAnu
150 ## - HEADING--TOPICAL TERM
- Topical term or geographic name entry element: البحث الميداني - اساليب البحث
670 ## - SOURCE DATA FOUND
- Source citation: Work cat.: (JO-AjAnu)14339: أبوزينة، فريد كامل / م. مشارك مروان قندلجي واخرووون , author 27929, مناهج البحث العلمي طرق البحث النوعي